Responses for show #1009 - Thursday, January 12, 1989

Peggi Malys game 2.

Contestants

Sue Carey, a computer consultant from Walnut Creek, California

Art Thompson, an attorney from Billings, Montana

Peggi Malys, a medical student from Orlando, Florida (whose 1-day cash winnings total $9,800)

Jeopardy! Round responses

ROYALTY
SPORTS QUOTES
ANAGRAMS
U.S. CITIES
CHOCOLATE
PRESIDENTIAL ASTROLOGY
    $100 14
Nicholas II

Peggi
    $100 16
puck

Art
    $100 6
leaf (from flea)

Sue
    $100 11
Fort Wayne

Sue
    $100 1
Equator

Sue
    $100 26
(Peggi: Who is Roosevelt?)
(Alex: Be more specific.)

Teddy Roosevelt

Peggi
    $200 15
Princess Grace

Art
    $200 17
Knute Rockne

Peggi
    $200 7
vase (from save)

Triple Stumper
    $200 12
New Jersey

Sue
    $200 2
Monopoly

Peggi
    $200 27
moon

Sue
    $300 18
(Peggi: Who is Genghis Khan?)

Kublai Khan

PeggiArt
    $300 19
I am the greatest

Art
    $300 8
soiled (from Isolde)

Sue
    $300 13
Pittsburgh

Peggi
    $300 3
Nestlé Crunch

Sue
    $300 28
Virgo

Sue
    $400 22
Jordan

Peggi
    $400 20
Yogi Berra

Art
    $400 9
skate (from takes)

Triple Stumper
    $400 24
Dodge City

Art
    $400 4
cocoa butter

Triple Stumper
    $400 29
Aries

Sue
    $500 23
Brunei

Peggi
    $500 21
(Peggi: Who is Dickerson?)
(Art: Who is Tim Brown?)

Marcus Allen

PeggiArt
Triple Stumper
    $500 10
rapt (from part)

Sue
    $800 25
(Alex: "By The Time I Get To [*]". You got it and you've got the lead with $2,000 and we've got a minute to go.)

Phoenix

Art
    $500 5
Godiva

Peggi
    $500 30
[Laughter when no one rang in.]
(Alex: On the other hand...)

Aquarius

Triple Stumper

Scores at the first commercial break (after clue 15):

Peggi Art Sue
$1,100 $200 $1,600

Scores at the end of the Jeopardy! Round:

Peggi Art Sue
$1,500 $2,000 $2,500

Double Jeopardy! Round responses

LANGUAGES
RECENT HISTORY
RIVERS
WEIGHTS & MEASURES
LITERARY CLASSICS
FOREIGN FILMS
    $200 2
Latin

Sue
    $200 22
Jimmy Hoffa

Triple Stumper
    $200 10
Alaska

Art
    $200 15
hand

Sue
    $200 1
Gulliver

Sue
    $200 12
The Magnificent Seven

Sue
    $400 3
White Russian

Peggi
    $400 23
Live Aid

Art
    $400 11
(Alex: They go over [*] Falls on the Canadian side of the border.)

Horseshoe

Triple Stumper
    $1,500 16
8

Sue
    $400 6
Dickens

Sue
    $400 18
Ingrid Bergman

Peggi
    $600 4
Hungary

Sue
    $3,500 24
(Art: What is penicillin?)

hexachlorophene

Art
    $600 14
Rhone

Triple Stumper
    $600 17
kilogram

Peggi
    $600 7
The Emperor Jones

Sue
    $600 19
War and Peace

Art
    $800 5
Serbo-Croatian

Peggi
    $800 25
(Alex: We've got less than a minute.)

(Sargent) Shriver

Peggi
    $800 27
Huang He (Yellow River)

Peggi
    $800 29
point

Peggi
    $800 8
Cassandra

Peggi
    $800 20
Hitchcock

Peggi
    $1000 13
lingua franca

Sue
    $1000 26
invasion of Afghanistan

Art
    $1000 28
Rhine & Main

Triple Stumper
    $1000 30
angstrom

Sue
    $1000 9
Somerset Maugham

Sue
    $1000 21
(Sue: Who is Truffaut?)

(Federico) Fellini

ArtSue

Scores at the end of the Double Jeopardy! Round:

Peggi Art Sue
$7,700 $1,700 $8,400

[wagering suggestions for these scores]

Final Jeopardy! Round responses

FASHION
ArtWho are Nehru and Mao?
$300
PeggiWho are Mao & Nehru?
$7,700
SueWho are Mao & Nehru
$7,000
Nehru & Mao

Final scores:

Peggi Art Sue
$15,400 $2,000 $15,400
2-day co-champion: $25,200 2nd place: vacation in Palm Springs & stay at Ingleside Inn + pair of Hatteras hammocks (deluxe & swing) + Jeopardy! box game or computerized version New co-champion: $15,400

Game dynamics:

Coryat scores:

Peggi Art Sue
$7,700 $4,900 $7,300
17 R,
2 W
12 R
(including 1 DD),
2 W
(including 1 DD)
21 R
(including 1 DD),
1 W

Combined Coryat: $19,900

The J! Archive is created by fans, for fans. The Jeopardy! game show and all elements thereof, including but not limited to copyright and trademark thereto, are the property of Jeopardy Productions, Inc. and are protected under law. This website is not affiliated with, sponsored by, or operated by Jeopardy Productions, Inc. Join the discussion at JBoard.tv.